00358nam a2200145 a 450000100060000000300090000600800410001504000280005608200160008410000170010024500360011726000300015330000100018365000190019312325CO-ViMGA141112s2004 ck r 000 u spa d aCO-ViMGAbspacCO-ViMGA04a823.8 J69r31 aJoyce, James10aRetrato del artista adolescente aBogotá : bFaro, c1886 a273p.14aNOVELA INGLESA